| 000 | 00000nas 2200000za 4500 |
| 001 | 9.508294 |
| 003 | CaOODSP |
| 005 | 20200813121818 |
| 007 | ta |
| 008 | 150406d19622007oncmr p #ss f0 a0eng|d |
| 022 | |a1181-6759 |
| 040 | |aCaOODSP|beng |
| 041 | |aeng|afre |
| 043 | |an-cn--- |
| 086 | 1 |aCS65-007 |
| 245 | 00|aImports by commodity = |bImportations par marchandise. |
| 246 | 11|aImportations par marchandise |
| 260 | |a[Ottawa] : |bDominion Bureau of Statistics : |bStatistics Canada, |c1962-2008. |
| 310 | |aMonthly |
| 362 | 0 |aVol. 19, no. 1 (Jan. 1962)-v. 64, no. 12 (Dec. 2007). |
| 546 | |aText in English only, Jan. 1962-Dec. 1965; text in English and French, Jan. 1966-Dec. 2007. |
| 563 | |aSoftcover |
| 710 | 2 |aStatistics Canada. |
| 776 | 0#|tImports by commodity |w(CaOODSP)9.809296 |
| 792 | |tImports by commodity = |efre|w(CaOODSP)9.508295 |